Normal view
MARC view
- Congreso Iberoamericano de Educación
Entry Nombre de Reunión
001 - NÚMERO DE CONTROL
- campo de control: 29001
003 - IDENTIFICADOR DE NÚMERO DE CONTROL
- campo de control: UPN
005 - FECHA Y HORA DE LA ÚLTIMA TRANSACCIÓN
- campo de control: 20210219194359.0
008 - DATOS DE LONGITUD FIJA
- campo de control de longitud fija: nabaccnnaabn|||||||||| b |nc|||||d
035 ## - NÚMERO DE CONTROL
- Número de control: UPN11000001107
040 ## - FUENTE DE CATALOGACIÓN
- Lenguaje de catalogación: SPA
- Agencia transcribió: UPN
111 2# - ENCABEZAMIENTO - NOMBRE DE REUNIÓN
- Nombre de reunión o de jurisdicción: Congreso Iberoamericano de Educación
- Número de la parte, sección o reunión: (1o :
- Fecha de la reunión : 1997 :
- Lugar de la reunión: Buenos Aires)
670 ## - FUENTE EN LA QUE SE LOCALIZARON DATOS
- Cita de la fuente: T
- Información localizada: 1er. Congreso Iberoamericano de Educación : las transformaciones educativas, tres desafíos : democracia, desarrollo e integración
902 ## - CATALOGADOR
- Catalogador: DAA/290208
